000 00445pab a2200169 454500
008 180718b2013 xxu||||| |||| 00| 0 eng d
100 _aMarla, Soma S.
245 _aJawaharlal Nehru - builder of modern science and promoter of scientific temper
260 _c2013
300 _ap.11-12.
362 _a16 Nov
650 _aScience and technology
650 _aNehru, Jawaharlal
773 _aMainstream
908 _aN
909 _a101446
999 _c101444
_d101444